000 00318nam a22001337a 4500
008 181019b xxu||||| |||| 00| 0 eng d
020 _a0443087598
041 _aeng
080 _a616
100 _a9
101 _aPAT
245 _aCases Pathology A clinical Approach For Student
_cKlionsky.B
942 _2udc
_cBK
999 _c50216
_d50216